01164cam a2200277 a 4500999001500000001000500015003000900020005001700029008004100046020001500087040002800102082001900130100002200149245016400171260003100335300004600366490006300412504005100475650003700526650002900563650002300592700002500615942001200640952011700652952011700769 c5337d53374267BD-DhUAP20201208104111.0941107s1997 nyua b 001 0 eng c a0471122475 aDLCcDLCdBD-DhUAPbEng00220a616.89 LAB aL'Abate, Luciano. aThe self in the family : ba classification of personality, criminality and psychopathology /cLuciano L'Abate ; with the collaboration of Margaret S. Baggett. aNew York :bWiley,cc1997. axii, 404 pages :billustrations ;c24 cm. aWiley series in couples and family dynamics and treatment. aIncludes bibliographical references and index. aFamiliesvPsychological aspects. aPersonality development. aCriminal behavior. aBaggett, Margaret S. 2ddccBK 00102ddc4070aUAPCLbUAPCLcGeneral Stacksd2020-12-08o616.89 LABp3010004267r2020-12-08t1w2020-12-08yBK 00102ddc4070aUAPCLbUAPCLcGeneral Stacksd2020-12-08o616.89 LABp3010004471r2020-12-08t2w2020-12-08yBK